[Event "Südlohner SV 1 - SC Steinfurt 1"]
[Site "Regionalliga 2016/2017"]
[Date "2017.01.14"]
[Round "5.3"]
[White "Grälken, Matthias"]
[Black "Dönnebrink, Elmar"]
[Result "1/2-1/2"]
[WhiteElo "2021"]
[BlackElo "2040"]
[PlyCount "92"]
[EventDate "2017.??.??"]
[SourceDate "2016.10.07"]

1. d4 Nf6 2. Bg5 Ne4 3. Bf4 c5 4. f3 Qa5+ 5. c3 Nf6 6. d5 d6 7. e4 g6 8. Nd2
Bg7 9. Nc4 Qd8 10. a4 O-O 11. Qd2 Nbd7 12. Nh3 Nb6 13. Nf2 Bd7 14. a5 Nxc4 15.
Bxc4 b6 16. axb6 axb6 17. O-O b5 18. Be2 Qb6 19. Be3 Qb7 20. f4 Rxa1 21. Rxa1
Ra8 22. Rxa8+ Qxa8 23. Bf3 Ne8 24. h3 Qa2 25. Kh2 Nc7 26. Nd3 Na6 27. Nc1 Qb1
28. Ne2 b4 29. Qc1 Qa2 30. Qd2 Qa4 31. Nc1 Qa1 32. Ne2 Qa2 33. Nc1 bxc3 34.
bxc3 Qa3 35. Qa2 Qxa2 36. Nxa2 Bb5 37. Bd2 Nc7 38. Nc1 Kf8 39. Be2 Ke8 40. Kg3
Bxe2 41. Nxe2 Nb5 42. Kf3 Kd7 43. g4 Kc7 44. Ke3 Kd7 45. Kd3 Nc7 46. Be1 e6
1/2-1/2

[Event "Südlohner SV 1 - SC Steinfurt 1"]
[Site "Regionalliga 2016/2017"]
[Date "2017.01.14"]
[Round "5.4"]
[White "Darwisch, Khaled"]
[Black "Wild, Helmut"]
[Result "1-0"]
[WhiteElo "2053"]
[BlackElo "1922"]
[PlyCount "79"]
[EventDate "2017.??.??"]
[SourceDate "2016.10.07"]

1. e4 c6 2. d3 d5 3. Nd2 e5 4. g3 Bd6 5. Bg2 Nf6 6. h3 O-O 7. Ne2 Re8 8. O-O
Nbd7 9. f4 dxe4 10. dxe4 Qc7 11. f5 b5 12. g4 Nc5 13. Ng3 Bb7 14. g5 Nfd7 15.
Qg4 Nf8 16. Nh5 Ncd7 17. Nf3 Kh8 18. Qh4 g6 19. Nf6 Red8 20. Qh6 Be7 21. fxg6
fxg6 22. Nh4 Nxf6 23. gxf6 Bc5+ 24. Kh1 Qf7 25. Nf3 Bd6 26. Ng5 Qc7 27. Qg7+
Qxg7 28. fxg7+ Kg8 29. gxf8=Q+ Rxf8 30. Be3 Be7 31. Nf3 Bf6 32. Bc5 Rfd8 33.
Rad1 a6 34. Bb6 Rxd1 35. Rxd1 Rf8 36. Nh2 h5 37. Nf3 g5 38. Bc7 Re8 39. Rd6 Rf8
40. Nxg5 1-0

[Event "Südlohner SV 1 - SC Steinfurt 1"]
[Site "Regionalliga 2016/2017"]
[Date "2017.01.14"]
[Round "5.5"]
[White "Arning, Marcus"]
[Black "Funke, Reinhard"]
[Result "1-0"]
[WhiteElo "1839"]
[BlackElo "2015"]
[PlyCount "59"]
[EventDate "2017.??.??"]
[SourceDate "2016.10.07"]

1. e4 c5 2. Nf3 Nc6 3. Bb5 g6 4. Bxc6 dxc6 5. d3 Bg7 6. Nc3 b6 7. h3 e5 8. O-O
Qd6 9. Nh2 Nf6 10. Ng4 Nxg4 11. hxg4 h5 12. g5 h4 13. Be3 Be6 14. Qe2 O-O-O 15.
a3 Rh5 16. Rfb1 Qd7 17. b4 h3 18. g3 h2+ 19. Kh1 f5 20. gxf6 Bxf6 21. bxc5 Kb7
22. cxb6 a6 23. Na4 Be7 24. Bc5 Rf8 25. f3 Rh3 26. Bxe7 Qxe7 27. Qe3 Ra8 28.
Nc5+ Kb8 29. b7 Ra7 30. Nxe6 1-0

[Event "Südlohner SV 1 - SC Steinfurt 1"]
[Site "Regionalliga 2016/2017"]
[Date "2017.01.14"]
[Round "5.6"]
[White "Telöken, Daniel"]
[Black "Janning, Rainer"]
[Result "1-0"]
[WhiteElo "1894"]
[BlackElo "1887"]
[PlyCount "115"]
[EventDate "2017.??.??"]
[SourceDate "2016.10.07"]

1. c4 Nf6 2. Nf3 c6 3. g3 d5 4. Bg2 e6 5. O-O Be7 6. Qc2 O-O 7. d3 b6 8. e4 Bb7
9. Nc3 d4 10. Ne2 c5 11. Ne1 e5 12. f4 Nc6 13. a3 Nd7 14. h3 Qc7 15. Bd2 f6 16.
Nf3 a5 17. b3 Bd6 18. f5 Rfb8 19. Rad1 Ba6 20. a4 Nd8 21. g4 Nf7 22. h4 Be7 23.
g5 Nf8 24. Qc1 Qd8 25. Kf2 Bc8 26. Ng3 Bd7 27. Rg1 Ra7 28. Bh3 Be8 29. Rh1 Rc7
30. Rdg1 Rc6 31. Bf1 Rb7 32. gxf6 Bxf6 33. Nh5 Kh8 34. Rg2 Nh6 35. Nxf6 Qxf6
36. Bg5 Qd6 37. Bxh6 gxh6 38. Rhg1 Bf7 39. Ke2 Rc8 40. Qe1 Qf6 41. Qg3 Nd7 42.
Kd2 Rbb8 43. Nh2 Rg8 44. Ng4 Qe7 45. Qf2 h5 46. Nh6 Rxg2 47. Qxg2 Qf6 48. Qg5
Rf8 49. Be2 Qxg5+ 50. hxg5 Kg7 51. Rh1 Be8 52. Bxh5 Bxh5 53. Rxh5 Rb8 54. Ke2
Ra8 55. Kf3 Rb8 56. Kg4 Ra8 57. f6+ Kg6 58. Nf5 1-0

[Event "Südlohner SV 1 - SC Steinfurt 1"]
[Site "Regionalliga 2016/2017"]
[Date "2017.01.14"]
[Round "5.7"]
[White "Schlitter, Klaus"]
[Black "Hater, Wolfgang"]
[Result "1-0"]
[WhiteElo "1884"]
[BlackElo "2024"]
[PlyCount "75"]
[EventDate "2017.??.??"]
[SourceDate "2016.10.07"]

1. d4 Nf6 2. c4 d6 3. Nf3 Nbd7 4. Bf4 g6 5. e3 Bg7 6. Nc3 O-O 7. Be2 Re8 8. O-O
Nf8 9. h3 N6d7 10. b4 e5 11. Bg3 f5 12. c5 g5 13. Qb3+ Kh8 14. h4 gxh4 15. Bxh4
Bf6 16. Bxf6+ Nxf6 17. cxd6 cxd6 18. Ng5 Be6 19. Nxe6 Rxe6 20. dxe5 Rxe5 21.
Rfd1 Ne8 22. Rac1 a6 23. Bf3 Qe7 24. Nd5 Qg7 25. Nf4 Rb8 26. Qc3 Rb5 27. Rd4
Qe5 28. a4 Rb6 29. a5 Rb5 30. Be2 Nf6 31. Bxb5 axb5 32. Qc7 Qe8 33. Qxd6 Ne4
34. Qd5 Qe7 35. Qxf5 Re8 36. Rc8 Rxc8 37. Qxc8 Nd6 38. Qc5 1-0

[Event "Südlohner SV 1 - SC Steinfurt 1"]
[Site "Regionalliga 2016/2017"]
[Date "2017.01.14"]
[Round "5.8"]
[White "Telöken, Andreas"]
[Black "Tempelman, Kristianne"]
[Result "1-0"]
[WhiteElo "1980"]
[BlackElo "1877"]
[PlyCount "101"]
[EventDate "2017.??.??"]
[SourceDate "2016.10.07"]

1. e4 c5 2. c3 d5 3. exd5 Qxd5 4. d4 Nf6 5. Nf3 Bg4 6. Be2 Nc6 7. h3 Bh5 8. c4
Qd7 9. g4 cxd4 10. gxh5 e5 11. Bg5 e4 12. Nh4 Qc7 13. Na3 a6 14. Qa4 Bb4+ 15.
Kf1 d3 16. Bd1 Qe5 17. Be3 Qxb2 18. Rb1 Qxa3 19. Qxa3 Bxa3 20. Rxb7 O-O 21. h6
g6 22. Rb6 Rfc8 23. Ba4 Ne5 24. Rxf6 Nxc4 25. Rc6 Rab8 26. Rxc8+ Rxc8 27. Kg2
Be7 28. Kg3 Nd6 29. Rc1 Rxc1 30. Bxc1 g5 31. Ng2 f5 32. f4 gxf4+ 33. Bxf4 Kf8
34. Ne3 d2 35. Kf2 Nb5 36. Bxb5 axb5 37. Ke2 Bc5 38. Nxf5 Kf7 39. Nd6+ Ke6 40.
Nxe4 d1=Q+ 41. Kxd1 Bd4 42. Ke2 Kf5 43. Kf3 b4 44. Nd6+ Ke6 45. Ke4 Bc5 46. Nc4
Bf8 47. Ne3 Kf6 48. Nd5+ Kg6 49. Bd2 Bxh6 50. Bxh6 Kxh6 51. Nxb4 1-0

[Event "SK Bocholt 1 - Schach Nienberge 1"]
[Site "Regionalliga 2016/2017"]
[Date "2017.01.14"]
[Round "5.1"]
[White "Remmeke, Hans"]
[Black "Fuest, Martin"]
[Result "1/2-1/2"]
[WhiteElo "2134"]
[BlackElo "2156"]
[PlyCount "35"]
[EventDate "2017.??.??"]
[SourceDate "2016.10.07"]

1. e4 c6 2. d4 d5 3. exd5 cxd5 4. c4 Nf6 5. Nc3 e6 6. Nf3 Bb4 7. Bd3 dxc4 8.
Bxc4 O-O 9. O-O Nc6 10. a3 Be7 11. Qd3 Qa5 12. Be3 Rd8 13. Qe2 a6 14. Rfd1 Qh5
15. Ne5 Qxe2 16. Bxe2 Bd7 17. Bf3 Be8 18. Nxc6 1/2-1/2

[Event "SK Bocholt 1 - Schach Nienberge 1"]
[Site "Regionalliga 2016/2017"]
[Date "2017.01.14"]
[Round "5.2"]
[White "Liesmann, Karsten"]
[Black "Ringwelski, Marius"]
[Result "1-0"]
[WhiteElo "2006"]
[BlackElo "2036"]
[PlyCount "83"]
[EventDate "2017.??.??"]
[SourceDate "2016.10.07"]

1. d4 Nf6 2. Nf3 d5 3. e3 Bg4 4. h3 Bh5 5. g4 Bg6 6. Ne5 Nbd7 7. h4 h5 8. Nxg6
fxg6 9. Bd3 Kf7 10. g5 Ne4 11. Qf3+ Kg8 12. Nd2 e5 13. Nxe4 dxe4 14. Qxe4 Qe8
15. Qxg6 Qxg6 16. Bxg6 Bd6 17. Bd2 exd4 18. exd4 Nf8 19. Bd3 Re8+ 20. Be3 g6
21. O-O-O Kg7 22. Rh3 Ne6 23. Rf3 Rhf8 24. Rxf8 Rxf8 25. Kd2 Rf3 26. Rh1 c5 27.
Be4 Rf8 28. dxc5 Nxc5 29. Bd5 Rf5 30. c4 a5 31. Rh3 b5 32. b3 bxc4 33. bxc4 Na6
34. Rf3 Bb4+ 35. Kc2 Rxf3 36. Bxf3 Nc5 37. Bd2 Kf7 38. Bd5+ Ke7 39. Bxb4 axb4
40. f3 Kf8 41. Kd2 Na4 42. Be4 1-0

[Event "SK Bocholt 1 - Schach Nienberge 1"]
[Site "Regionalliga 2016/2017"]
[Date "2017.01.14"]
[Round "5.3"]
[White "Kemper, Georg"]
[Black "Steiner, Karl"]
[Result "1/2-1/2"]
[WhiteElo "1919"]
[BlackElo "1920"]
[PlyCount "96"]
[EventDate "2017.??.??"]
[SourceDate "2016.10.07"]

1. d4 d5 2. c4 c6 3. Nf3 e6 4. g3 f5 5. Bg2 Nf6 6. O-O Bd6 7. Nbd2 O-O 8. Ne5
Nbd7 9. Ndf3 Ne4 10. Qc2 Ndf6 11. Nd3 Qe8 12. Nfe5 Nd7 13. b4 a5 14. b5 dxc4
15. bxc6 cxd3 16. exd3 Nxe5 17. dxe5 Bxe5 18. Rb1 Qxc6 19. Qe2 Qa6 20. Re1 Nc3
21. Qxe5 Nxb1 22. Bb2 Rf7 23. Rxb1 Bd7 24. d4 Bc6 25. Bf1 Qb6 26. Qxe6 Re8 27.
Qc4 Be4 28. Bd3 Qb4 29. Qxb4 axb4 30. Re1 Rfe7 31. Bc4+ Kh8 32. Bc1 Bf3 33. Be3
Rd8 34. Rb1 h6 35. h4 Bd5 36. Rxb4 Bxc4 37. Rxc4 Rd5 38. Ra4 b5 39. Ra8+ Kh7
40. a4 bxa4 41. Rxa4 Rb7 42. Kg2 Kg6 43. Kf3 Kh5 44. Ra8 Rf7 45. Rc8 f4 46.
Bxf4 Rxd4 47. Rc5+ Kg6 48. Rc6+ Kh7 1/2-1/2

[Event "SK Bocholt 1 - Schach Nienberge 1"]
[Site "Regionalliga 2016/2017"]
[Date "2017.01.14"]
[Round "5.4"]
[White "Hunhoff, Sebastian"]
[Black "Gottkehaskamp, Philipp"]
[Result "1-0"]
[WhiteElo "1912"]
[BlackElo "1926"]
[PlyCount "49"]
[EventDate "2017.??.??"]
[SourceDate "2016.10.07"]

1. c4 Nf6 2. Nc3 g6 3. e4 d6 4. g3 Bg7 5. Bg2 O-O 6. Nge2 c5 7. h3 Nc6 8. O-O
a6 9. d3 Rb8 10. f4 Ne8 11. Be3 Bd7 12. Qd2 b5 13. Rae1 Qa5 14. g4 b4 15. Nd1
Qxa2 16. f5 Nc7 17. Bh6 Ne5 18. Bxg7 Kxg7 19. g5 Kg8 20. Rf4 Nc6 21. Ref1 e5
22. Rh4 Kg7 23. Ne3 Rh8 24. Ng4 Rbf8 25. f6+ 1-0

[Event "SK Bocholt 1 - Schach Nienberge 1"]
[Site "Regionalliga 2016/2017"]
[Date "2017.01.14"]
[Round "5.5"]
[White "Haas, Kai Markus"]
[Black "Naumann, Felix"]
[Result "0-1"]
[WhiteElo "1948"]
[BlackElo "1799"]
[PlyCount "106"]
[EventDate "2017.??.??"]
[SourceDate "2016.10.07"]

1. e4 c5 2. Ne2 d6 3. d4 cxd4 4. Nxd4 Nf6 5. f3 a6 6. c4 Nc6 7. Nc3 g6 8. Be3
Bg7 9. Be2 Bd7 10. O-O Rc8 11. Qd2 Qc7 12. Rac1 e6 13. Rfd1 Ne5 14. b3 h5 15.
h3 Ke7 16. Bg5 Rhd8 17. f4 Nc6 18. Kh1 Kf8 19. Nf3 Be8 20. Qe3 Ne7 21. Bd3 Bd7
22. Bb1 Bc6 23. Nd4 Rd7 24. b4 b6 25. Rf1 Ba8 26. Nce2 Qb7 27. Ng3 Rdc7 28. Bd3
Nf5 29. Ndxf5 exf5 30. Rfe1 Re8 31. Qd4 Nxe4 32. Qe3 Re6 33. Bxe4 fxe4 34. f5
gxf5 35. Nxf5 Rg6 36. Rf1 Be5 37. Rc2 b5 38. Rfc1 Qc8 39. Nh4 Rg8 40. Bh6+ Ke8
41. Qe2 e3 42. Nf3 Rg3 43. cxb5 Rxh3+ 44. Kg1 Bxf3 45. Qxf3 Rxf3 46. Rxc7 Qg4
47. R7c4 Qg3 48. Rc8+ Ke7 49. R1c7+ Kf6 50. Rxf7+ Kxf7 51. Rf8+ Ke6 52. Rxf3
Qe1+ 53. Rf1 Bh2+ 0-1

[Event "SK Bocholt 1 - Schach Nienberge 1"]
[Site "Regionalliga 2016/2017"]
[Date "2017.01.14"]
[Round "5.6"]
[White "Hunhoff, Andreas"]
[Black "Gottkehaskamp, Stefan"]
[Result "1/2-1/2"]
[WhiteElo "1839"]
[BlackElo "1974"]
[PlyCount "36"]
[EventDate "2017.??.??"]
[SourceDate "2016.10.07"]

1. f4 d5 2. Nf3 g6 3. e3 Bg7 4. d4 c5 5. c3 Nh6 6. Be2 O-O 7. O-O b6 8. Ne5 Bb7
9. Nd2 Nd7 10. Ndf3 Nxe5 11. Nxe5 Nf5 12. Bd3 e6 13. b3 Rc8 14. Qe2 Nd6 15. Bb2
Re8 16. Rae1 Ne4 17. Bxe4 dxe4 18. Rd1 Bxe5 1/2-1/2

[Event "SK Bocholt 1 - Schach Nienberge 1"]
[Site "Regionalliga 2016/2017"]
[Date "2017.01.14"]
[Round "5.7"]
[White "Althoff, Franz"]
[Black "Böing, Frank"]
[Result "1-0"]
[WhiteElo "2009"]
[BlackElo "1828"]
[PlyCount "85"]
[EventDate "2017.??.??"]
[SourceDate "2016.10.07"]

1. Nf3 e6 2. c4 b6 3. e4 Bb7 4. Qc2 c5 5. Nc3 Nc6 6. d3 d6 7. Be2 Nf6 8. Bf4
Be7 9. a3 Rc8 10. O-O O-O 11. h3 Qd7 12. Rab1 Rfd8 13. Be3 d5 14. e5 Ne8 15.
cxd5 exd5 16. d4 Nc7 17. dxc5 bxc5 18. Rbd1 d4 19. Ne4 Ne6 20. Neg5 Nxg5 21.
Nxg5 Bxg5 22. Bxg5 Nxe5 23. Bxd8 Qd5 24. f3 Rxd8 25. Rfe1 h6 26. Bf1 d3 27. Qf2
c4 28. Qe3 f6 29. f4 Nc6 30. b3 Na5 31. bxc4 Nxc4 32. Qe6+ Qxe6 33. Rxe6 Nb2
34. Rd2 Kf7 35. Re1 Nc4 36. Rxd3 Rxd3 37. Bxd3 Nd6 38. Rc1 Ke6 39. Rc5 Kd7 40.
Ra5 Nc8 41. g4 Kc7 42. g5 Kb6 43. gxh6 1-0

[Event "SK Bocholt 1 - Schach Nienberge 1"]
[Site "Regionalliga 2016/2017"]
[Date "2017.01.14"]
[Round "5.8"]
[White "Wüstnienhaus, Andreas"]
[Black "Keller, Dirk"]
[Result "1/2-1/2"]
[WhiteElo "1888"]
[BlackElo "1893"]
[PlyCount "38"]
[EventDate "2017.??.??"]
[SourceDate "2016.10.07"]

1. d4 Nf6 2. c4 e6 3. Nc3 Bb4 4. e3 c5 5. Nge2 cxd4 6. exd4 d5 7. c5 Ne4 8. Bd2
Nxd2 9. Qxd2 a5 10. a3 Bxc3 11. Nxc3 a4 12. Bb5+ Bd7 13. Be2 b6 14. cxb6 Qxb6
15. O-O Nc6 16. Rfd1 Na5 17. Rab1 Nb3 18. Qf4 O-O 19. Rd3 Qb8 1/2-1/2